| 000 | 00984naa a22003137a 4500 | ||
|---|---|---|---|
| 001 | 32205 | ||
| 003 | 98074 | ||
| 005 | 20201118100836.0 | ||
| 008 | ||||||n9999 ||| || || | ||
| 082 |
_219 _a614 |
||
| 100 | _aContreras Tejera, Alfonso | ||
| 245 | 0 |
_aEstrategias de promocion de salud para la atencion primaria del 2000 : _bdesde las campanas anti-tabaco hacia la promocion de la salud del fumador |
|
| 260 |
_aEspaña : _bDíaz de Santos, _c1994. |
||
| 300 | _app.133-154 | ||
| 562 | _e0 | ||
| 650 | _aADMINISTRACION DE LA SALUD | ||
| 650 | _aATENCION PRIMARIA | ||
| 650 | _aCAMPAÑAS DE SALUD | ||
| 650 | _aCONDICIONES DE SALUD | ||
| 650 | _aDROGADICCIÓN | ||
| 650 | _aESPAÑA | ||
| 650 | _aESTRATEGIA ADMINISTRATIVA | ||
| 650 | _aESTRATEGIA DE PLANEACION | ||
| 650 | _aPOLÍTICA DE SALUD | ||
| 650 | _aPREVENCIÓN SOCIAL | ||
| 650 | _aSERVICIOS DE SALUD | ||
| 773 |
_030756 _aNuevas perspectivas en atencion primaria de salud : |
||
| 942 | _cCHAP | ||
| 999 |
_c32205 _d32205 |
||